Obras de don José Peón y Contreras : teatro I /

Enregistré dans:
Détails bibliographiques
Auteur principal: Peón y Contreras, José (autor)
Format: Livre
Langue:espagnol
Collection:(Biblioteca de Autores Mexicanos. Dramáticos ; 4)
(Obras de Don José Peón y Contreras ; 1)
Sujets:
Tags: Ajouter un tag
Pas de tags, Soyez le premier à ajouter un tag!

MARC

LEADER 00000nam^a2200000^a^4500
001 000380204
005 20250526000000.0
009 20260310120549.904
037 |a Acervo ITESO - Biblioteca 
041 |a ESP 
082 |a 862.  |b PEO V. 1 
100 |a Peón y Contreras, José  |e (autor) 
240 1 1 |a [Obras de don José Peón y Contreras] 
240 1 4 |a [La hija del rey] 
240 1 1 |a [Vivo o muerto] 
240 1 1 |a [Gil González de Avila] 
240 1 1 |a [Luchas de honra y de amor] 
240 1 1 |a [Por el joyel del sombrero] 
245 1 0 |a Obras de don José Peón y Contreras :  |b teatro I /  |c J. Peón y Contreras. 
264 |a México :  |b Imprenta de Victoriano Agüeros,  |c 1896, c1896 
300 |a XII, 461 p. ;  |c 17.5 cm. 
440 1 |a (Biblioteca de Autores Mexicanos.  |p Dramáticos ;  |v 4) 
440 1 |a (Obras de Don José Peón y Contreras ;  |v 1) 
501 |a Encuadernación particular 
545 0 |a José Peón y Contreras (1843-1907), innovador del teatro romántico, fue un médico especializado en enfermedades mentales y escritor mexicano quien compaginó su vida profesional con su pasión por las letras. Desde su adolescencia se hizo notoria su calidad de escritor, sobre todo de teatro, aunque también escribió poesía y algunas novelas. Se destacó como médico y fue director del Hospital San Hipólito; participó en la política del país como diputado y luego como senador; fue también miembro de la Academia Mexicana de la Lengua. En la década de 1870 fue uno de los dramaturgos más solicitados y aplaudidos con obras como La cruz del paredón, (que escribió a los 17 años); ¡Hasta el cielo!; El sacrificio de la vida; Un amor de Hernán Cortés; Esperanzas; Juan de Villalpando; entre muchas otras, y La hija del rey, señalada como su mejor obra. Exceptuando una de sus obras, Lucha de honra y amor, su teatro es en versos octosílabos, ejemplo típico del drama histórico romántico. 
562 |a Falta cubierta 
649 |a XX 
650 |a Romances 
650 |a Romanticismo (Literatura) 
650 |a Teatro Mexicano 
650 |a Teatro Histórico 
650 |a Literatura e Historia 
650 |a Poesía Mexicana 
650 |a Literatura Mexicana -  |y Siglo XIX 
650 |a México -  |x Historia -  |y Epoca Colonial, 1517-1821 
650 |a México -  |x Historia -  |y Virreinato, 1535-1821 
740 3 |a La hija del rey /  |c J. Peón y Contreras. 
740 0 |a Vivo o muerto /  |c J. Peón y Contreras. 
740 0 |a Gil González de Avila /  |c J. Peón y Contreras. 
740 0 |a Luchas de honra y de amor /  |c J. Peón y Contreras. 
740 0 |a Por el joyel del sombrero /  |c J. Peón y Contreras. 
910 |a Fondo Salvador Reynoso Reynoso 
920 |a Impresos - Libros 
930 |a Libros Antiguos y Raros 
940 |a Literatura 
905 |a 108 
901 |a 0800005249  |b IT2  |c LRA  |u 20250526 
902 |a https://opac.biblio.iteso.mx/vufind/Record/000380204